| 000 | 02018nam a2200241Ia 4500 | ||
|---|---|---|---|
| 003 | Ost | ||
| 005 | 20260507075037.0 | ||
| 008 | 260507s9999||||xx |||||||||||||| ||und|| | ||
| 040 | _cfsecg | ||
| 041 | _aara | ||
| 082 | _a330 | ||
| 100 |
_aالبديوي، منصور أحمد _eمؤلف |
||
| 245 | 0 |
_aدراسات في المحاسبة الضريبية : _bالضريبة على ارباح شركات الأموال ، الضريبة على أرباح المهن الصناعية و التجارية في لبنان / _c منصور أحمد البديوي |
|
| 260 |
_aالاسكندرية: _bدار المعرفة الجامعية, _c1999 |
||
| 300 |
_a584 صفحة؛ _bإيضاحات ؛ _c24 سم |
||
| 520 | _aخصائص الضريبة و شروط سريانها و نطاقها و تحديد وعائها و ربط الضريبة و تحصيلها مع تناول خصائص الضريبة على أرباح المهن الصناعية و التجارية و غير التجارية و شروط خضوع الربح للضريبة على أرباح المهن الصناعية و التجارية و غير التجارية و نطاق الضريبة و الاعفاء عنها ووعاء الضريبة على أرباح المهن الصناعية و التجارية و غير التجارية و الضريبة على أرباح العمليات و قياس أرباح النشاط الجاري بطريقة الربح الحقيقي مع تناول التكاليف واجبة الخصم و التكاليف واجبة الخصم بنص القانون و النفقات و الأعباء التي لا يجيز القانون تنزيلها و اخيرا ترحيل الخسائر و كذا ما يستبعد من الأرباح الصافية لتلافي الازدواج الضريبي. | ||
| 653 | _aالأموال | ||
| 653 | _aالشركات | ||
| 653 | _aالضرائب | ||
| 653 | _aالمحاسبة | ||
| 700 |
_aالجمال، محمد رشيد _eمؤلف ثانوي |
||
| 942 | _cكتاب | ||
| 999 |
_c42465 _d42465 |
||